Представление документа в формате MARC21

Поле Инд. ПП Название Значение
Тип записи a
Библиографический уровень m
001 Контрольный номер de11e449b71c43a685416c3e8b0ebd04
005 Дата корректировки 20181025103534.1
008 Кодируемые данные 180831|||||||||ru |||||||||||||||||rus||
020 a ISBN 978-5-803080-18-4
041 0_ a Код языка текста rus
084 a Индекс другой классификации/Индекс ББК 67.911.17+39.42-082.03
090 a Полочн. индекс 67.911.17
x Авторский знак П 52
245 10 a Заглавие Положение о порядке расследования аварий или инцидентов на море
b Продолж. заглавия утв. Приказом М-ва трансп. России от 08.10.2013 № 308, зарегистрировано в Минюсте России 19.02.2014 № 31355
260 a Место издания Москва
b Издательство Моркнига
c Дата издания 2018
300 a Объем 16 с.
440 _7 a Серия Серия "Библиотека судовладельца"
500 a Примечание На обл. загл.: Положение о расследовании аварий или инцидентов на море
504 a Библиография Библиогр. в подстроч. примеч.
520 0_ a Аннотация Настоящее Положение устанавливает порядок расследования и учета аварий или инцидентов, произошедших (в прямой связи с эксплуатацией судна) с самоходными судами, буксируемыми судами или иными плавучими объектами (только на период их перегона) на море, в акваториях морских портов и на участках рек с морским режимом судоходства, или с участием таких судов и объектов (далее – аварийные случаи), плавающими: – под Государственным флагом Российской Федерации (далее – суда); – под флагами иностранных государств (далее – иностранные суда) в предусмотренных настоящим Положением случаях
650 04 a Основная рубрика Суда морские-Аварии-Расследование-Нормативные документы
653 0_ a Ключевые слова Аварии судов
a Ключевые слова Международное морское право
a Ключевые слова Причины аварий
a Ключевые слова Расследование морских аварий
900 a Имя макрообъекта Положение о расследовании аварии
901 t Тип документа m